Alphabetical Salem County (NJ) Quiz Stats

 Plays Quiz not verified by Sporcle

Challenge
Share
Tweet
Embed
Score 0/15 Timer 03:00
0 Plays Today
- Municipality % Correct
AAlloway Twp.
100%
CCarneys Point Twp.
100%
SSalem
93.8%
LLower Alloways Creek Twp.
87.5%
PPenns Grove
87.5%
PPennsville Twp.
87.5%
QQuinton Twp.
87.5%
EElmer
81.3%
- Municipality % Correct
EElsinboro Twp.
81.3%
OOldmans Twp.
81.3%
PPittsgrove Twp.
81.3%
UUpper Pittsgrove Twp.
81.3%
WWoodstown
81.3%
MMannington Twp.
75%
PPilesgrove Twp.
75%

You're not logged in!

Compare scores with friends on all Sporcle quizzes.
Join for Free
OR
Log In

Show Comments

Extras

Top Quizzes Today


Score Distribution

Your Account Isn't Verified!

In order to create a playlist on Sporcle, you need to verify the email address you used during registration. Go to your Sporcle Settings to finish the process.

Report this User

Report this user for behavior that violates our Community Guidelines.

Details: